000 02892nam a2200349 4500
001 113482
003 DR-UNIBE
005 20250428142942.0
008 250424b2024 dr ||||| |||| 00| 0 spa d
020 _a9789945251265
040 _aBIBLIOTECA UNIBE
_cBIBLIOTECA UNIBE
_bspa
_erda
041 _aspa
082 _222
_aRD 920.97293 C343c
100 1 0 _aCassa, Roberto,
_d1948-
_q(Cassá Bernaldo de Quirós, Roberto)
_cautor
_9194516
245 1 4 _aCon la palabra de Dios /
_cRoberto Cassá ; prólogo: Rafael Emilio Yunén ; cuidado de la edición: Aimara Vera Riverón ; diagramación: Juan Francisco Domínguez Novas ; diseño de portada:Yenifer De la Rosa
250 _aPrimera edición
260 _aSanto Domingo :
_bArchivo General de la Nación (AGN) :
_bUniversidad Autónoma de Santo Domingo Facultad de Humanidades :
_bGrupo MALLEN,
_c2024
300 _a597 páginas :
_bfotos b/n ;
_c25 x 17 cm
490 _aArchivo General de la Nación ;
_v521
500 _aInformación del autor y comentario de la obra en las solapas. Cubierta: Peregrinos caminando a Palma Sola, fuente: Periódico El Caribe
505 _aPrólogo | Agradecimientos | Capítulo I. La temática | Capítulo II. Determinación y contextos | Capítulo III. Mesianismo y milenarismo | Capítulo IV. Peculiaridades escatológicas del Liborismo | Capítulo V. San Juan de la Maguana hasta inicios del Siglo XX | Capítulo VI. Aparicipon del maestro | Capítulo VII. Conatos de modernización | Capítulo VIII. Persecución y muerte | Capítulo IX. Popa y otros profetas resurrectos | Capítulo X. Manifestaciones similares | Capítulo XI. San Juan bajo Trujillo y letargo del Liborismo Capítulo XII. Antecedentes de Palma Sola | Capítulo XIII. La bella Aurora | Capítulo XIV. Agenda controversial | Capítulo XV. Preparación del desenlace | Capítulo XVI. A sangre y fuego | Capítulo XVII. Recomposición de núcleos dispersos | Capítulo XVIII. Manifestaciones mágico-religiosas diversas | Capítulo XIX. Profetas finiseculares de la Maguana | Anexo 1. Cronología del Liborismo | Anexo 2. Liboristas detenidos en las Matas de Farfán, 21 de diciembre de 162 | Anexo 3. Salves y otras composiciones | Entrevistas | Bibliografía
600 7 _a Mateo, Olivorio,
_d1876-1922
_9194512
650 7 _2lemb
_a Lideres religiosos
_z República Dominicana
_9194630
650 7 _2lemb
_a Religiosidad popular
_zRepública Dominicana
_927140
650 7 _2lemb
_aOcultismo
_zRepública Dominicana
_9194631
650 7 _2lemb
_a Movimientos Sociales
_zRepública Dominicana
_9194632
700 1 0 _aYunén Zouain, Rafael Emilio,
_d1952 -
_969386
_eprologuista
700 1 0 _aVera Riverón, Aimara
_999221
_ecuidado de la edición
700 1 0 _aDomínguez Novas, Juan Francisco
_9127336
_ediagramador
700 1 0 _a De la Rosa, Yenifer
_984991
_ediseñador de portada
942 _2ddc
_cBK
999 _c113482
_d113482